000 01608nam0a2200349 i 4500
001 RU\NLR\BIBL_A\010561527
005 20260405185344.0
010 _a9785832309811
_9500
021 _aRU
_b2014-76418
_94675
035 _a(NILC)RuMoRGB-007568340
035 _a(NLR Aleph) 010561527
090 _a10382577
_c10382577
100 _a20141210d2014 km y0rusy50 ca
101 0 _arus
102 _aRU
105 _aa|||z||||01yy
200 1 _aИнновационная деятельность в банковском секторе: особенности и тенденции развития
_fЮ. В. Ларионова, С. А. Павлова, Е. В. Гордеева
_gпод ред. д. э. н., проф. Ю. В. Ларионовой
_gСоврем. гуманит. акад.
210 _aМосква
_cИзд-во СГУ
_d2014
215 _a152 с.
_cил.
_d21
320 _aБиблиогр.: с. 148-152 (46 назв.)
606 1 _aБанки
_xИнновационная деятельность
_92415241
_3RU\NLR\AUTH\661438725
606 1 _aУ26(2)210-55(2Р)я73
686 1 _aУ26(0)210-55
700 1 _aЛарионова
_bЮ. В.
_gЮлия Владимировна
701 1 _8rus
_7ca
_aПавлова
_bС. А.
_cд-р экон. наук
_gСветлана Александровна
_3RU\NLR\AUTH\7781695
_964623
701 1 _aГордеева
_bЕ. В.
_gЕлена Владимировна
801 0 _aRU
_bРГБ
_c20141016
_gRCR
801 1 _aRU
_bРГБ
_c20141016
_2rusmarc
942 _cBOOK
980 _aNBR